00534nam 2200157 45000010005000001000041000051010008000462000115000542100055001692150016002243000014002406060043002546060026002977100033003238010020003566092 a20190729k u||y0frey50 ba aspa aLa planicicacion de emergencia tras ChernobilbBrochurefinforme elaborado por la Coordinadora contra Garoña a[S.l.]cCoordinadora contra Garoñad1989 (15.09) a8 f.d30 cm aBibliogr. aCentrale de TchernobylyUkraine - URSS aNucléaire (Energie) aCoordinadora contra Garoña aCHbCH-002049-8